000
00326nam a22001457a 4500
003
OSt
005
20220211150328.0
008
220211b |||||||| |||| 00| 0 eng d
020
_a
8127224596
040
_c
HU
082
_a
627.5
_b
1
100
_a
Lenka.D.
_9
13731
245
_a
Irrigation And Drainage
942
_2
ddc
_c
BOOKS
_n
0
999
_c
30066
_d
30066